| 000 | 01725nam a2200217Ia 4500 | ||
|---|---|---|---|
| 003 | Ost | ||
| 005 | 20260507075114.0 | ||
| 008 | 260507s9999||||xx |||||||||||||| ||und|| | ||
| 040 | _cfsecg | ||
| 041 | _aara | ||
| 082 | _a330 | ||
| 100 |
_aدويدار، هاني _eمؤلف |
||
| 245 | 0 |
_aقانون الطيران التجاري / _c هاني دويدار |
|
| 260 |
_aالاسكندرية: _bدار الجامعة الجديدة للنشر, _c2002 |
||
| 300 |
_a536 صفحة؛ _c24 سم |
||
| 490 | _aالمكتبة القانونية | ||
| 520 | _aأهمية الطيران التجاري،أهمية التنظيم القانوني للطيران التجاري،مصادر قانون الطيران التجاري،النظام القانوني للملاحة الجوية،أحكام الطائرة بوصفها مالا،أحكام الطائرة بوصفها أداة الملاحة الجوية،النظام القانوني لاستغلال الفضاء الجوي،مبدأ سيادة الدولة على فضائها الجوي،قواعد الملاحة الجوية في فضاء الدولة الجوي،النظام القانوني لمرافق الملاحة الجوية،النظام القانوني للمطارات،النظام القانوني للإرتفاقات الجوية،النقل التجاري الجوي،عقد النقل التجاري الجوي كموضوع للقواعد القانونية،أطراف عقد النقل التجاري الجوي،مسئولية الناقل الجوي،النظام القانوني للنقل الجوي الدولي | ||
| 653 | _aالطيران-قوانين وتشريعات | ||
| 653 | _aالقانون الجوى | ||
| 942 | _cكتاب | ||
| 999 |
_c42968 _d42968 |
||